[Event "5.Aschacher Donau op"]
[Site "Aschach, AUT"]
[Date "1996.12.29"]
[Round "5"]
[White "Teske, H."]
[Black "Piven, I."]
[Result "1/2-1/2"]
[WhiteElo "2520"]
[BlackElo "2385"]
[PlyCount "135"]
[EventDate "1996.12.31"]

1. d4 d6 2. g3 g6 3. Bg2 Bg7 4. Nf3 Nf6 5. b3 c5 6. Bb2 Qa5+ 7. Qd2 Qa6 8. c4
cxd4 9. Nxd4 Nc6 10. Nc3 O-O 11. O-O Bd7 12. Rfd1 Nxd4 13. Qxd4 Bc6 14. Nd5
Bxd5 15. Bxd5 Nh5 16. Qd2 Bxb2 17. Qxb2 Nf6 18. Bf3 Qb6 19. Rd4 a5 20. Rad1 Nd7
21. Qd2 Rfb8 22. Re4 Re8 23. Qh6 a4 24. bxa4 Qb2 25. Qe3 Kf8 26. Rh4 Kg8 27.
Re4 Kf8 28. Rh4 Kg8 29. Qb3 Qe5 30. Rd5 Qa1+ 31. Rd1 Qe5 32. Rd5 Qa1+ 33. Kg2
Nc5 34. Qe3 Qf6 35. Rf4 Qb2 36. h4 Qxa2 37. h5 Qb3 38. Qd2 Qxa4 39. hxg6 fxg6
40. Bg4 e5 41. Rxd6 exf4 42. Qd5+ Kh8 43. Qd4+ Kg8 44. Qxc5 Qa5 45. Be6+ Rxe6
46. Qxa5 Rxa5 47. Rxe6 Rc5 48. Re8+ Kf7 49. Rb8 Rxc4 50. Rxb7+ Kg8 51. g4 Rc3
52. Re7 h6 53. Re4 g5 54. Re6 Kg7 55. e3 fxe3 56. fxe3 Kf7 57. Re4 Rc6 58. Kf3
Rf6+ 59. Kg3 Ra6 60. Rb4 Kg6 61. Rb8 Rf6 62. Ra8 Kg7 63. Ra2 Kg6 64. Rh2 Rf8
65. Rf2 Rxf2 66. Kxf2 h5 67. gxh5+ Kxh5 68. Kg3 1/2-1/2

[Event "5.Aschacher Donau op"]
[Site "Aschach, AUT"]
[Date "1996.12.29"]
[Round "5"]
[White "Trkulja, Z."]
[Black "Lanka, Z."]
[Result "0-1"]
[WhiteElo "2175"]
[BlackElo "2545"]
[PlyCount "68"]
[EventDate "1996.12.31"]

1. e4 c5 2. Nf3 Nc6 3. d3 g6 4. Nbd2 Bg7 5. c3 d6 6. g3 e5 7. Bg2 Nge7 8. O-O
O-O 9. Re1 h6 10. Nf1 $6 {Passiv gespielt. Die Stellung ist ausgeglichen nach}
(10. a4 Be6 11. Nc4) (10. a3 Be6 11. b4 Qd7 12. Rb1 Rae8 13. Bb2 b6 14. d4 $1
exd4 15. cxd4 cxd4 16. Nb3 Ne5 17. Nbxd4 {
( Th.Casper-Lanka, Deutsche Bundesliga 1994)}) 10... Be6 11. a3 Qd7 {Natuerlich
nicht 11...a5? wegen 12.a4, und Weiss nimmt weisse Felder unter Kontrolle.} 12.
b4 b6 13. Bb2 Rae8 14. d4 $5 {Interresantes Bauernopfer; sonst bekommt Schwarz
mit f7-f5 Initiative am Koenigsfluegel.} 14... exd4 15. cxd4 Bg4 $1 16. e5 cxd4
17. exd6 Qxd6 18. h3 Bxf3 19. Qxf3 b5 20. Rad1 Rd8 21. Nd2 Kh8 $1 22. Qb3 Ne5
$6 {(genauer Db8 mit Db6 )} 23. f4 Nd7 $2 {
Jetzt gewinnt Weiss den Bauern zurueck. Nach S5c6 geht der Vorteil an Schwarz}
24. Qd3 $1 Nf5 25. Be4 $1 Nb6 $5 26. Bxf5 gxf5 27. Qxb5 (27. Qxf5 $2 Nc4) 27...
Qg6 28. Kh2 Rd5 $5 {Scharze Bauernstellun ist sehr schlecht, darum versucht er
dynamisches Figurenspiel.} 29. Qa6 $2 {In Zeitnot schlaegt Weiss den falschen
Weg ein. Weiss musste die Blockade aufrechterhalten.} (29. Qd3 $1 Na4 30. Ba1
Rfd8 31. Nf3 Nc3 32. Rd2 Ne4 33. Rg2 $10) 29... Rc8 $1 30. Nf3 $2 {
Weiss ignoriert die Drohungen. Richtig ist Tc1} 30... d3 $1 31. Bxg7+ Qxg7 {
Die schwache zweite Reihe entscheidet} 32. Rd2 (32. Nd2 Rc2 33. Qxa7 Qb2 $1 34.
Qxb6 Rxd2+ 35. Kg1 Rg2+ 36. Kf1 Qe2+ $1 37. Rxe2 dxe2+ 38. Kxg2 exd1=Q $19)
32... Rc2 33. Re8+ Kh7 34. Qxa7 Nc4 {(Anmerkungen GM Z.Lanka)} 0-1

[Event "5.Aschacher Donau op"]
[Site "Aschach, AUT"]
[Date "1996.12.29"]
[Round "5"]
[White "Weiss, Ch"]
[Black "Knechtel, R."]
[Result "1-0"]
[WhiteElo "2335"]
[BlackElo "2125"]
[PlyCount "37"]
[EventDate "1996.12.31"]

1. g3 c5 2. Bg2 e6 3. e4 Qc7 4. Nf3 b6 5. O-O Bb7 6. Nc3 a6 7. d4 cxd4 8. Nxd4
d6 9. Bg5 Nd7 10. Re1 h6 11. Nxe6 Qb8 12. Nxf8 Kxf8 13. Bf4 Ne5 14. Qd4 b5 15.
Rad1 Ke7 16. Nd5+ Bxd5 17. exd5 f6 18. Bxe5 fxe5 19. f4 1-0

[Event "5.Aschacher Donau op"]
[Site "Aschach, AUT"]
[Date "1996.12.30"]
[Round "6"]
[White "Altukhov, S."]
[Black "Tkaczuk, R."]
[Result "1-0"]
[WhiteElo "2350"]
[BlackElo "2255"]
[PlyCount "59"]
[EventDate "1996.12.31"]

1. d4 g6 2. c4 Bg7 3. Nc3 c5 4. d5 Bxc3+ 5. bxc3 f5 6. h4 Nf6 7. h5 Rg8 8. hxg6
hxg6 9. Nf3 Qa5 10. Qc2 d6 11. Ng5 Nbd7 12. Bf4 Nb6 13. e3 Bd7 14. Bd3 O-O-O
15. f3 Rde8 16. Kf2 Qa4 17. Rac1 Qxc2+ 18. Rxc2 e5 19. dxe6 Bxe6 20. Bxd6 Nfd7
21. Nxe6 Rxe6 22. Bf4 Ne5 23. Bf1 Nbxc4 24. Rh7 Nd6 25. Rd2 Rd8 26. Rd5 Ng4+
27. Kg1 Nxe3 28. Rxc5+ Kb8 29. Rcc7 Ka8 30. Rcd7 1-0

[Event "5.Aschacher Donau op"]
[Site "Aschach, AUT"]
[Date "1996.12.31"]
[Round "7"]
[White "Altukhov, S."]
[Black "Lechtynsky, J."]
[Result "0-1"]
[WhiteElo "2350"]
[BlackElo "2415"]
[PlyCount "60"]
[EventDate "1996.12.31"]

1. d4 Nf6 2. Nf3 e6 3. e3 b6 4. Bd3 Bb7 5. Nbd2 c5 6. O-O Be7 7. b3 O-O 8. Bb2
d6 9. Qe2 Nbd7 10. c4 Rc8 11. Rac1 Qc7 12. Ng5 h6 13. Nge4 Nxe4 14. Nxe4 Bxe4
15. Bxe4 Bf6 16. d5 Bxb2 17. Qxb2 Nf6 18. Bf3 exd5 19. cxd5 Rfe8 20. Rc4 Re5
21. Rd1 b5 22. Rf4 Qe7 23. Qc3 g5 24. Rfd4 cxd4 25. Qxc8+ Kg7 26. Rxd4 Rxe3 27.
fxe3 Qxe3+ 28. Kf1 Qxd4 29. Qc2 g4 30. Be2 Nxd5 0-1

[Event "5.Aschacher Donau op"]
[Site "Aschach, AUT"]
[Date "1996.12.31"]
[Round "7"]
[White "Beim, V."]
[Black "Balinov, I."]
[Result "0-1"]
[WhiteElo "2570"]
[BlackElo "2385"]
[PlyCount "104"]
[EventDate "1996.12.31"]

1. Nf3 Nf6 2. c4 e6 3. g3 b6 4. Bg2 Bb7 5. O-O Be7 6. b3 O-O 7. Bb2 c5 8. Nc3
d6 9. d4 cxd4 10. Nxd4 Bxg2 11. Kxg2 a6 12. e4 Qc7 13. Rc1 Qb7 14. f3 Nc6 15.
Nxc6 Qxc6 16. Qe2 Rfd8 17. Rfe1 Qb7 18. Ba3 Ne8 19. Rc2 Rd7 20. Nd1 Rad8 21.
Rd2 Bg5 22. f4 Bh6 23. Nf2 g6 24. Bb2 f5 25. Kg1 Re7 26. Red1 Bg7 27. e5 d5 28.
cxd5 exd5 29. Ba3 Re6 30. Qf3 Nc7 31. Kg2 Rc6 32. Bd6 Rcxd6 33. exd6 Rxd6 34.
Rc2 Ne6 35. Rcd2 Nc7 36. Nh3 Qc6 37. Ng1 Re6 38. Ne2 Re4 39. Rc1 Qd7 40. Nc3
Bxc3 41. Qxc3 Qe6 42. Kf2 Ne8 43. Qc6 Nf6 44. Qa8+ Kg7 45. Rc7+ Kh6 46. Qf8+
Kh5 47. Qxf6 Rxf4+ 48. gxf4 Qxf6 49. Kf3 h6 50. Rg2 g5 51. Rgc2 g4+ 52. Kg2 Qd4
0-1

[Event "5.Aschacher Donau op"]
[Site "Aschach, AUT"]
[Date "1996.12.31"]
[Round "7"]
[White "Djurkovic, M."]
[Black "Traudes, W."]
[Result "1-0"]
[WhiteElo "2095"]
[BlackElo "2220"]
[PlyCount "139"]
[EventDate "1996.12.31"]

1. d4 Nf6 2. Nf3 c5 3. d5 b5 4. a4 b4 5. g3 Bb7 6. c4 bxc3 7. Nxc3 d6 8. Bg2 g6
9. O-O Bg7 10. Nd2 O-O 11. Re1 Na6 12. Nc4 Nb4 13. Bg5 Ba6 14. Na3 Nd7 15. Nab5
Ne5 16. Qc1 Re8 17. Bf1 Qb6 18. Rb1 Bc8 19. f4 Nd7 20. Kg2 Bb7 21. e4 e6 22. a5
Qxa5 23. Ra1 Qb6 24. Na4 Qa6 25. Nxc5 Qxa1 26. Qxa1 Nc2 27. Nxb7 Nxa1 28. Rxa1
Rec8 29. dxe6 Rc2+ 30. Kh3 fxe6 31. N7xd6 Bxb2 32. Rxa7 Rxa7 33. Nxa7 Bd4 34.
Nab5 Bg1 35. g4 Nc5 36. Bc4 Kg7 37. f5 Rxh2+ 38. Kg3 exf5 39. gxf5 gxf5 40.
exf5 Rb2 41. Be7 Nd7 42. Ne8+ Kh6 43. Ba3 Rc2 44. Bd3 Rc6 45. Be4 Rc4 46. Ned6
Ra4 47. Bb2 Kh5 48. Bc6 Nc5 49. Bf6 Bh2+ 50. Kxh2 Kg4 51. Bd5 Nd3 52. Nc3 Rf4
53. Nd1 Ra4 54. Ne3+ Kf4 55. Ng2+ Kg4 56. Bc3 Ra6 57. Ne3+ Kf4 58. Nec4 Ra2+
59. Nd2 Ra6 60. N2c4 Ra2+ 61. Bd2+ Kg4 62. f6 Nf4 63. f7 Ng6 64. Ne4 Kh4 65.
Kg1 Ra1+ 66. Kf2 Rb1 67. Be6 Nf8 68. Bf5 Rb7 69. Ne3 Rxf7 70. Ng2+ 1-0

[Event "5.Aschacher Donau op"]
[Site "Aschach, AUT"]
[Date "1996.12.31"]
[Round "7"]
[White "Kamberovic, S."]
[Black "Todor, R."]
[Result "0-1"]
[WhiteElo "2365"]
[BlackElo "2120"]
[PlyCount "80"]
[EventDate "1996.12.31"]

1. d4 e6 2. Nf3 d5 3. Bf4 Bd6 4. Bg3 Nf6 5. e3 Ne4 6. Nbd2 f5 7. Ne5 O-O 8. Bd3
Nd7 9. f4 Be7 10. Ndf3 Nxe5 11. Nxe5 Bd7 12. O-O Nf6 13. c4 c6 14. Rc1 Bd6 15.
Bh4 Qe8 16. Qb3 Rb8 17. a4 Bxe5 18. dxe5 Ne4 19. Qc2 Rc8 20. Be1 Qf7 21. a5 a6
22. Be2 Qe7 23. Qb3 Be8 24. g4 Rc7 25. gxf5 Rxf5 26. Bg4 Rf8 27. cxd5 exd5 28.
Bb4 Qh4 29. Qd1 c5 30. Qxd5+ Kh8 31. Qd1 Bb5 32. Be1 Qh6 33. Be2 Rd7 34. Qc2
Qg6+ 35. Kh1 Rd2 36. Bxd2 Bxe2 37. Bb4 Bxf1 38. Bxc5 Bd3 39. Qg2 Nf2+ 40. Kg1
Nh3+ 0-1

[Event "5.Aschacher Donau op"]
[Site "Aschach, AUT"]
[Date "1996.12.31"]
[Round "7"]
[White "Karner, C."]
[Black "Orsag, Mil"]
[Result "1/2-1/2"]
[WhiteElo "2180"]
[BlackElo "2430"]
[PlyCount "61"]
[EventDate "1996.12.31"]

1. d4 d5 2. c4 e6 3. Nc3 c5 4. cxd5 exd5 5. Nf3 Nc6 6. Bg5 Be7 7. Bxe7 Ngxe7 8.
dxc5 Qa5 9. e3 Qxc5 10. Be2 O-O 11. O-O Rd8 12. Qa4 a6 13. Rfd1 Rb8 14. Rac1
Qb6 15. b3 Be6 16. Qh4 Nf5 17. Qf4 Nfe7 18. Ng5 Ng6 19. Qg3 Qb4 20. Na4 Nce7
21. Nc5 Bf5 22. Bd3 Rbc8 23. Bxf5 Nxf5 24. Qh3 Ngh4 25. g4 Rxc5 26. Rxc5 Qxc5
27. gxf5 Qc2 28. Rf1 h6 29. Nxf7 Kxf7 30. Qxh4 Qxf5 31. Qxd8 1/2-1/2

[Event "5.Aschacher Donau op"]
[Site "Aschach, AUT"]
[Date "1996.12.31"]
[Round "7"]
[White "Kilgus, G."]
[Black "Trkulja, Z."]
[Result "1/2-1/2"]
[WhiteElo "2200"]
[BlackElo "2175"]
[PlyCount "61"]
[EventDate "1996.12.31"]

1. Nf3 Nf6 2. g3 b6 3. Bg2 Bb7 4. O-O e6 5. d3 Be7 6. Nbd2 O-O 7. e4 d5 8. e5
Nfd7 9. Re1 c5 10. Nf1 Nc6 11. h4 b5 12. h5 b4 13. h6 g6 14. N1h2 c4 15. Ng4
cxd3 16. cxd3 a5 17. Bf4 Qb6 18. Qd2 Rfc8 19. Bg5 Qd8 20. Qf4 Ba6 21. Red1 Ra7
22. Bh3 Rac7 23. d4 Be2 24. Bxe7 Qxe7 25. Nf6+ Nxf6 26. exf6 Qd7 27. Rd2 Bxf3
28. Qxf3 Nd8 29. Bf1 Rc1 30. Rxc1 Rxc1 31. Kg2 1/2-1/2

[Event "5.Aschacher Donau op"]
[Site "Aschach, AUT"]
[Date "1996.12.31"]
[Round "7"]
[White "Klundt, K."]
[Black "Obran, H."]
[Result "1-0"]
[WhiteElo "2365"]
[BlackElo "2190"]
[PlyCount "45"]
[EventDate "1996.12.31"]

1. e4 c6 2. d4 d5 3. exd5 cxd5 4. c4 Nf6 5. Nc3 Nc6 6. Bg5 Be6 7. Qa4 h6 8.
Bxf6 exf6 9. O-O-O Be7 10. cxd5 Bxd5 11. Qb5 Rc8 12. Qxd5 Qc7 13. Nf3 O-O 14.
Kb1 Nb4 15. Qb3 Qf4 16. Bd3 Rfd8 17. Rhe1 Bf8 18. Be4 Rd7 19. d5 b5 20. Rd4 f5
21. g3 Qd6 22. Bxf5 Rdc7 23. Rxb4 1-0

[Event "5.Aschacher Donau op"]
[Site "Aschach, AUT"]
[Date "1996.12.31"]
[Round "7"]
[White "Knechtel, R."]
[Black "Piven, I."]
[Result "0-1"]
[WhiteElo "2125"]
[BlackElo "2385"]
[PlyCount "88"]
[EventDate "1996.12.31"]

1. d4 Nf6 2. c4 g6 3. Nc3 Bg7 4. Nf3 O-O 5. Bg5 h6 6. Bf4 d6 7. h3 Nbd7 8. e4
e5 9. dxe5 dxe5 10. Be3 c6 11. Be2 Qe7 12. O-O Nc5 13. Qb1 Nh5 14. b4 Ne6 15.
Rd1 Nhf4 16. Bf1 Qf6 17. Ne1 Nd4 18. Kh2 h5 19. g3 Nfe6 20. b5 h4 21. Bg2 hxg3+
22. fxg3 Qe7 23. Qc1 Bd7 24. Rb1 Rfc8 25. bxc6 bxc6 26. Rb7 Nc5 27. Qa3 Bf8 28.
Rxa7 Rab8 29. Na4 Nxa4 30. Qxe7 Bxe7 31. Rxa4 Rc7 32. Ra5 f6 33. Bxd4 exd4 34.
Rxd4 Bb4 35. Ra6 Bxe1 36. Rd6 Bc3 37. Rd3 Be5 38. Rd2 Be6 39. Bf1 Kf7 40. Kg2
Ke7 41. h4 c5 42. Kf3 Bc8 43. Ra4 Rb1 44. Be2 Rg1 0-1

[Event "5.Aschacher Donau op"]
[Site "Aschach, AUT"]
[Date "1996.12.31"]
[Round "7"]
[White "Lehner, O."]
[Black "Mahdi, K."]
[Result "0-1"]
[WhiteElo "2320"]
[BlackElo "2390"]
[PlyCount "96"]
[EventDate "1996.12.31"]

1. e4 e5 2. Bc4 Nf6 3. d3 Nc6 4. Nf3 Be7 5. O-O d6 6. h3 Na5 7. Bb5+ c6 8. Ba4
b5 9. Bb3 O-O 10. c3 Nxb3 11. axb3 Re8 12. Re1 Bf8 13. Bg5 h6 14. Bxf6 Qxf6 15.
Nbd2 Be7 16. d4 Bd8 17. Nf1 Bb6 18. Ng3 g6 19. Qd3 Bb7 20. Rad1 Rad8 21. Nf1 h5
22. Ne3 a6 23. d5 Bxe3 24. Rxe3 cxd5 25. exd5 Bc8 26. Nd2 Bf5 27. Qe2 Qh4 28.
c4 Rb8 29. c5 dxc5 30. Rxe5 Bd7 31. Nf3 Qf4 32. d6 Rxe5 33. Qxe5 Qxe5 34. Nxe5
Rd8 35. Nd3 c4 36. bxc4 bxc4 37. Nc5 Bb5 38. f4 Kf8 39. Kf2 h4 40. g3 hxg3+ 41.
Kxg3 Kg7 42. f5 g5 43. Kg4 c3 44. Kxg5 cxb2 45. h4 Rxd6 46. Rb1 Rd5 47. Nb3
Rxf5+ 48. Kg4 Bd7 0-1

[Event "5.Aschacher Donau op"]
[Site "Aschach, AUT"]
[Date "1996.12.31"]
[Round "7"]
[White "Priesner, Andreas"]
[Black "Ennsberger, Ulrich"]
[Result "0-1"]
[WhiteElo "2085"]
[BlackElo "2210"]
[PlyCount "80"]
[EventDate "1996.12.31"]

1. Nf3 Nf6 2. g3 b5 3. Bg2 Bb7 4. O-O e6 5. b3 Be7 6. Bb2 O-O 7. d3 c5 8. c4 a6
9. Nbd2 d6 10. e3 Nbd7 11. Qc2 Qb6 12. d4 Rfc8 13. Rac1 d5 14. dxc5 Bxc5 15.
Qb1 dxc4 16. bxc4 b4 17. Bd4 a5 18. Nb3 Bxd4 19. exd4 Be4 20. Qb2 Bd3 21. c5
Qb5 22. Rfe1 Nd5 23. Ne5 Nxe5 24. Rxe5 Rab8 25. Nd2 Nc3 26. Rce1 Qd7 27. Nf3
Bc4 28. a3 Bd5 29. Qd2 Qc6 30. R5e3 Qb7 31. Qd3 h6 32. Bf1 Na4 33. axb4 axb4
34. Nd2 b3 35. Rb1 b2 36. Qa3 Qb4 37. Qxb4 Rxb4 38. Ra3 Rxd4 39. Nf3 Bxf3 40.
Rxf3 Rxc5 0-1

[Event "5.Aschacher Donau op"]
[Site "Aschach, AUT"]
[Date "1996.12.31"]
[Round "7"]
[White "Schaubmair, M."]
[Black "Brandstaetter, F."]
[Result "1/2-1/2"]
[WhiteElo "2260"]
[BlackElo "2115"]
[PlyCount "99"]
[EventDate "1996.12.31"]

1. d4 Nf6 2. Nf3 e6 3. Bg5 h6 4. Bf4 c5 5. c3 d5 6. e3 Nc6 7. Nbd2 Be7 8. Be2
O-O 9. Ne5 Bd7 10. O-O Qb6 11. Qb3 Rfc8 12. Rfc1 Be8 13. Bf3 Nd7 14. Nxd7 Bxd7
15. Rab1 Be8 16. Qd1 Qd8 17. dxc5 Bxc5 18. Nb3 Be7 19. Bg3 b5 20. Qe2 Qb6 21.
e4 dxe4 22. Bxe4 Rd8 23. Bd3 a6 24. Bf4 Bf8 25. Rd1 Rac8 26. Rd2 Rd5 27. c4
bxc4 28. Bxc4 Rxd2 29. Bxd2 Nd4 30. Nxd4 Qxd4 31. Bxa6 Rc2 32. Bc3 Qa4 33. Qd3
Bc6 34. Bc4 Bb7 35. Bb3 Qg4 36. Qf1 Rxf2 37. Kxf2 Bc5+ 38. Ke1 Qe4+ 39. Qe2
Qxb1+ 40. Kd2 Qf5 41. g3 Be4 42. Bc4 Be7 43. Bd4 Bg5+ 44. Ke1 Be7 45. Bc3 Bc5
46. Qf1 Bf3 47. Qd3 Be4 48. Qf1 Bf3 49. Qd3 Be4 50. Qf1 1/2-1/2

[Event "5.Aschacher Donau op"]
[Site "Aschach, AUT"]
[Date "1996.12.31"]
[Round "7"]
[White "Steinermayr, Thomas"]
[Black "Ilincic, Pavle"]
[Result "1-0"]
[WhiteElo "2100"]
[BlackElo "2200"]
[PlyCount "35"]
[EventDate "1996.12.31"]

1. e4 e6 2. d4 d5 3. Nc3 dxe4 4. Nxe4 Nd7 5. Nf3 Ngf6 6. Bd3 Nxe4 7. Bxe4 Nf6
8. Bd3 c5 9. O-O cxd4 10. Nxd4 Be7 11. Bg5 O-O 12. c3 Bd7 13. Qe2 Qa5 14. Bh4
Rfd8 15. Rfe1 Rac8 16. Nf5 Bf8 17. Nh6+ gxh6 18. Bxf6 1-0

[Event "5.Aschacher Donau op"]
[Site "Aschach, AUT"]
[Date "1996.12.31"]
[Round "7"]
[White "Sulava, N."]
[Black "Staller, P."]
[Result "1-0"]
[WhiteElo "2430"]
[BlackElo "2350"]
[PlyCount "55"]
[EventDate "1996.12.31"]

1. Nf3 Nf6 2. g3 g6 3. b3 Bg7 4. Bb2 O-O 5. Bg2 d6 6. d4 c5 7. c4 Nfd7 8. Nc3
Nc6 9. e3 a6 10. O-O Rb8 11. a4 h6 12. h3 Na5 13. Nd5 Re8 14. Rb1 b5 15. cxb5
axb5 16. dxc5 dxc5 17. Bxg7 Kxg7 18. b4 cxb4 19. Rxb4 e6 20. Qa1+ f6 21. Nf4 e5
22. Nxg6 Nc5 23. Rd1 Qc7 24. axb5 e4 25. Nf4 Qf7 26. Qxa5 exf3 27. Bxf3 Re7 28.
b6 1-0

[Event "5.Aschacher Donau op"]
[Site "Aschach, AUT"]
[Date "1996.12.31"]
[Round "7"]
[White "Teske, H."]
[Black "Kranzl, P."]
[Result "1/2-1/2"]
[WhiteElo "2520"]
[BlackElo "2215"]
[PlyCount "77"]
[EventDate "1996.12.31"]

1. d4 Nf6 2. Nf3 g6 3. g3 Bg7 4. Bg2 O-O 5. O-O d6 6. c4 c6 7. Nc3 Bf5 8. Nh4
Be6 9. d5 cxd5 10. cxd5 Bd7 11. Be3 Na6 12. h3 Qa5 13. a3 Rfc8 14. Bd4 Ne8 15.
Nf3 Bxd4 16. Nxd4 Nf6 17. Qd2 Rc4 18. Rfc1 Qb6 19. e3 Nc5 20. Nce2 Rxc1+ 21.
Rxc1 a5 22. Nc3 Rc8 23. Kh2 Nb3 24. Nxb3 Qxb3 25. e4 Rc5 26. f4 b5 27. e5 Ne8
28. Ne2 Rxc1 29. Qxc1 Qd3 30. Nc3 b4 31. Ne4 Qd4 32. exd6 exd6 33. b3 Kf8 34.
axb4 axb4 35. Qe1 Bf5 36. Nd2 Qc3 37. g4 Bc2 38. Qc1 Bd3 39. Qe1 1/2-1/2

[Event "5.Aschacher Donau op"]
[Site "Aschach, AUT"]
[Date "1996.12.31"]
[Round "7"]
[White "Tober, G."]
[Black "Casagrande, H."]
[Result "1/2-1/2"]
[WhiteElo "2235"]
[BlackElo "2365"]
[PlyCount "108"]
[EventDate "1996.12.31"]

1. e4 c6 2. d4 d5 3. exd5 cxd5 4. Bd3 Nf6 5. c3 Nc6 6. Bf4 Bg4 7. Qb3 Qd7 8.
Nd2 e6 9. Ngf3 Be7 10. Ne5 Qc8 11. Nxg4 Nxg4 12. Nf3 O-O 13. h3 Nf6 14. Qc2 a6
15. a4 Na5 16. O-O Nc4 17. Ne5 g6 18. Bg5 Re8 19. Qe2 Nxe5 20. dxe5 Nh5 21. Be3
Bc5 22. g4 Ng7 23. Bg5 Be7 24. Be3 Qc7 25. Bh6 f5 26. exf6 Bxf6 27. Rfe1 Rad8
28. g5 Be7 29. Bxg7 Kxg7 30. Qe5+ Qxe5 31. Rxe5 Bd6 32. Re2 e5 33. Bc2 Bc5 34.
Rae1 Rf8 35. Kg2 e4 36. Rd1 Bb6 37. c4 dxc4 38. Rxd8 Bxd8 39. Rxe4 b5 40. axb5
axb5 41. f4 Rf7 42. h4 Rd7 43. Kf3 Bc7 44. Re2 Kf7 45. f5 gxf5 46. Bxf5 Rd4 47.
Re4 Rxe4 48. Kxe4 Bg3 49. Bxh7 Bxh4 50. Kd5 Bf2 51. Be4 Be3 52. Bf3 Bc1 53. Be2
Bxb2 54. Bxc4 bxc4 1/2-1/2

[Event "5.Aschacher Donau op"]
[Site "Aschach, AUT"]
[Date "1996.12.31"]
[Round "7"]
[White "Wiesinger, R."]
[Black "Gerer, J."]
[Result "0-1"]
[WhiteElo "2105"]
[BlackElo "2205"]
[PlyCount "60"]
[EventDate "1996.12.31"]

1. e4 g6 2. d4 d6 3. Nc3 Bg7 4. Be3 a6 5. a4 Nc6 6. Nf3 Bg4 7. Be2 e5 8. dxe5
dxe5 9. Bc5 Nge7 10. Nd5 Nxd5 11. exd5 Ne7 12. c4 O-O 13. O-O Re8 14. a5 Nf5
15. Re1 b6 16. axb6 cxb6 17. Ba3 Rc8 18. Rc1 e4 19. Nd2 Bxe2 (19... e3 20. Bxg4
(20. fxe3 Nxe3 21. Qa4 Nxg2 $19) 20... exf2+ 21. Kxf2 Qh4+ 22. Kf1 Bd4 23. Qf3
Ne3+ 24. Rxe3 Rxe3 25. Qf4 Rce8 26. g3 Qxh2 27. Qxd4 Qxg3 $19) 20. Rxe2 e3 21.
Nf3 b5 22. c5 Bh6 23. Rc3 exf2+ 24. Kxf2 Rxe2+ 25. Kxe2 Qe8+ 26. Kf2 Be3+ 27.
Kf1 b4 28. Bxb4 Qb5+ 29. Qe2 Qxb4 30. d6 Qb7 0-1

[Event "5.Aschacher Donau op"]
[Site "Aschach, AUT"]
[Date "1996.12.31"]
[Round "7"]
[White "Wohlfahrt, He"]
[Black "Obermayr, H."]
[Result "1/2-1/2"]
[WhiteElo "2235"]
[BlackElo "2110"]
[PlyCount "56"]
[EventDate "1996.12.31"]

1. Nf3 d5 2. d4 e6 3. c4 f5 4. Nc3 c6 5. Bf4 Bd6 6. Ne5 Bxe5 7. Bxe5 Qe7 8. e3
Nd7 9. Bf4 Ngf6 10. Bd3 O-O 11. O-O dxc4 12. Bxc4 Kh8 13. Bb3 e5 14. dxe5 Nxe5
15. Qd4 Nf7 16. Rfd1 Be6 17. Bd6 Nxd6 18. Qxd6 Qxd6 19. Rxd6 Bxb3 20. axb3 Kg8
21. Rad1 Kf7 22. Na4 Rfe8 23. Nc5 Re7 24. R6d4 b6 25. Na4 Rae8 26. b4 Re4 27.
Nc3 Rxd4 28. Rxd4 Ke7 1/2-1/2